000 01399nam a22002415i 4500
001 154990
003 ES-MaACL
005 20251115063310.0
008 020227s1862 sp |||| | spa d
040 _aCAM
_bspa
_cCAM
100 1 _aGutiérrez de Alba, José María,
_d1822-1897
_9127661
245 1 4 _aLos españoles en Méjico
_b: drama original, en tres actos y en verso /
_cpor José María Gutierrez de Alba.
260 _aMadrid :
_b[s.n.],
_c1862 (
_fImprenta de José Rodriguez)
300 _a63 p. ;
_c20 cm.
490 1 _aEl Teatro: Colección de obras dramáticas y líricas
500 _aRepresentado por primera vez en Madrid, en el teatro de Novedades en 31 de enro de 1862, en celebridad de la entrada de las tropas españolas en Veracruz.
596 _aEn verso de port. consta: "... Alonso Gullon, editor de la coleccion de obras dramáticas y líricas titulada El Teatro ..."
598 _aSerie tomada de la cub.
830 0 3 _aEl teatro: colección de obras dramática y líricas
_9221753
852 _aES-MaACL
_jF-8550(4)
_z-- Enc. pasta española
_z-- Firma ms. de Gustavo Sáenz Díez, 1877
_z-- Enc. en un vol. facticio, formando parte de la col. facticia "Teatro español moderno", vol. 2
852 _aES-MaACL
_jD-2490(7)
_z-- Enc. hol., conservando la cub. original
_z-- Enc. en un vol. facticio
_z.- Legado M. de la Fuente
999 _c154990
_d154990